Pays avec le taux d'homicides le plus élevé - Statistiques

Statistiques générales
  • Ce quiz a été pris 34 fois
  • Le résultat moyen est 3 sur 7
Statistiques - réponses
Hint Réponse % Correct
37,1 / 100 000 Haiti
73%
35,8 / 100 000 Honduras
70%
52,9 / 100 000 Jamaique
55%
40,0 / 100 000 Venezuela
55%
41,0 / 100 000 Afrique du sud
52%
37,1 / 100 000 Belize
27%
42,0 / 100 000 Lesotho
12%
Aucun quiz correspondant
Distribution des résultats
% des personnes avec chaque résultat
Percentile par nombre de réponses
Votre historique - résultats
Vous n’avez pas pris ce quiz